[Event "FRA-ch U20"]
[Site "Gonfreville"]
[Date "2016.04.15"]
[Round "7"]
[White "Caille, Vincent"]
[Black "Salles, Louis"]
[Result "0-1"]
[WhiteElo "2099"]
[BlackElo "2216"]
[PlyCount "98"]
[EventDate "2016.04.10"]
[EventType "swiss"]
[EventRounds "9"]
[EventCountry "FRA"]
[SourceTitle "CBM 171 Extra"]
[Source "ChessBase"]
[SourceDate "2016.04.26"]
[SourceVersion "1"]
[SourceVersionDate "2016.04.26"]
[SourceQuality "1"]

1. e4 c5 2. Nc3 d6 3. Nge2 Nf6 4. g3 Nc6 5. Bg2 g6 6. d3 Bg7 7. h3 0-0 8. Be3 Rb8 9. f4 Nd7 10. 0-0 b5 11. Qd2 b4 12. Nd1 Nd4 13. Nc1 f5 14. c3 bxc3 15. bxc3 fxe4 16. dxe4 Nb5 17. a4 Nc7 18. Nd3 Nb6 19. N1b2 Be6 20. f5 Bf7 21. Bh6 Nd7 22. Bxg7 Kxg7 23. Nd1 c4 24. Nf4 Ne5 25. Ne3 Rb3 26. Qd4 Qb8 27. Kh2 Qb6 28. Qd2 Rb2 29. Nc2 Ne8 30. fxg6 hxg6 31. Nd5 Bxd5 32. Rxf8 Kxf8 33. exd5 Nf6 34. Rf1 Kg7 35. Qd1 Qb3 36. Nd4 Qxd1 37. Rxd1 Nxd5 38. Ne6+ Kf6 39. Rxd5 Kxe6 40. Rb5 Rc2 41. g4 Rxc3 42. Bd5+ Kf6 43. Rb7 e6 44. Bg2 d5 45. Rxa7 d4 46. Ra6 d3 47. Rd6 Ke7 48. Rd4 Rc2 49. Kg3 Rxg2+ 0-1

[Event "FRA-ch U20"]
[Site "Gonfreville"]
[Date "2016.04.13"]
[Round "5"]
[White "Micottis, Dorian"]
[Black "Caille, Vincent"]
[Result "1/2-1/2"]
[WhiteElo "2276"]
[BlackElo "2099"]
[PlyCount "82"]
[EventDate "2016.04.10"]
[EventType "swiss"]
[EventRounds "9"]
[EventCountry "FRA"]
[SourceTitle "CBM 171 Extra"]
[Source "ChessBase"]
[SourceDate "2016.04.26"]
[SourceVersion "1"]
[SourceVersionDate "2016.04.26"]
[SourceQuality "1"]

1. e4 e6 2. d4 d5 3. Nc3 Bb4 4. e5 c5 5. a3 Bxc3+ 6. bxc3 Qa5 7. Bd2 Qa4 8. Qb1 c4 9. f4 Ne7 10. Nf3 Nbc6 11. g3 Bd7 12. Bh3 0-0-0 13. 0-0 g6 14. Bg2 h5 15. Ng5 Rdf8 16. h3 Nf5 17. g4 hxg4 18. hxg4 Nfe7 19. Kf2 Nd8 20. Kg3 f5 21. exf6 Ng8 22. Qb2 Nxf6 23. Rh1 Rhg8 24. Rae1 Qc6 25. Qb4 Nf7 26. Nxf7 Rxf7 27. Re5 Ne8 28. Qa5 a6 29. Rb1 Qc7 30. Qb4 Nd6 31. Qc5 Qxc5 32. dxc5 Nb5 33. Ra1 Na7 34. Re2 Rgf8 35. Bh3 Nc6 36. g5 e5 37. Bxd7+ Kxd7 38. fxe5 Ke6 39. Rb1 Rf3+ 40. Kg2 R3f7 41. Rb6 Rh7 1/2-1/2

[Event "FRA-chT U20"]
[Site "Limoges"]
[Date "2014.03.16"]
[Round "?"]
[White "Treand, Victor"]
[Black "Caille, Vincent"]
[Result "0-1"]
[WhiteElo "1876"]
[BlackElo "2089"]
[PlyCount "66"]
[EventDate "2014.03.15"]
[EventType "team-match"]
[EventRounds "3"]
[EventCountry "FRA"]
[SourceTitle "EXT 2015"]
[Source "ChessBase"]
[SourceDate "2014.11.20"]
[SourceVersion "1"]
[SourceVersionDate "2014.11.20"]
[SourceQuality "1"]
[WhiteTeam "Nancy"]
[BlackTeam "Villejuif"]
[WhiteTeamCountry "FRA"]
[BlackTeamCountry "FRA"]

1. c4 Nf6 2. Nc3 d5 3. cxd5 Nxd5 4. d4 e6 5. e4 Nf6 6. Nf3 c6 7. Bd3 Be7 8. 0-0 Nbd7 9. Bc2 0-0 10. Qd3 g6 11. Rb1 b6 12. Bf4 Bb7 13. Rfd1 Qc8 14. Ne5 Nh5 15. Nxd7 Nxf4 16. Qe3 Nxg2 17. Nxb6 axb6 18. Kxg2 Ra5 19. Rg1 e5 20. dxe5 Rxe5 21. Bd1 Bc5 22. Qf4 Bd4 23. Bg4 Qa8 24. Ne2 Rxe4 25. Qg3 c5 26. Kf1 Qxa2 27. Re1 Qxb2 28. Bf3 Re7 29. Bxb7 Rxb7 30. Nxd4 Qxd4 31. Kg2 Rd7 32. Rd1 Qe4+ 33. f3 Qe2+ 0-1

[Event "FRA-chT U20"]
[Site "Limoges"]
[Date "2014.03.15"]
[Round "1"]
[White "Caille, Vincent"]
[Black "Fischer, Julie"]
[Result "1-0"]
[WhiteElo "2089"]
[BlackElo "1955"]
[PlyCount "83"]
[EventDate "2014.03.15"]
[EventType "team-match"]
[EventRounds "3"]
[EventCountry "FRA"]
[SourceTitle "EXT 2015"]
[Source "ChessBase"]
[SourceDate "2014.11.20"]
[SourceVersion "1"]
[SourceVersionDate "2014.11.20"]
[SourceQuality "1"]
[WhiteTeam "Villejuif"]
[BlackTeam "Bischwiller"]
[WhiteTeamCountry "FRA"]
[BlackTeamCountry "FRA"]

1. e4 c5 2. Nc3 Nc6 3. Nge2 g6 4. g3 Bg7 5. Bg2 e6 6. d3 Nge7 7. Be3 Nd4 8. Qd2 Nec6 9. 0-0 0-0 10. Nc1 Ne5 11. Bxd4 cxd4 12. N3e2 Qb6 13. Nb3 Nc6 14. c3 dxc3 15. bxc3 f5 16. exf5 Rxf5 17. Rab1 Qc7 18. d4 b6 19. d5 exd5 20. Nf4 d4 21. Nxd4 Bxd4 22. cxd4 Ba6 23. Rfe1 Bc4 24. Qc3 d5 25. Bh3 Rxf4 26. gxf4 Qxf4 27. Qe3 Qxe3 28. fxe3 Bxa2 29. Rbc1 Bc4 30. Rcd1 Re8 31. Bd7 Re7 32. Bxc6 Rc7 33. Ba4 b5 34. Bc2 b4 35. Rb1 a5 36. e4 Kf7 37. exd5 Bxd5 38. Ba4 Ba2 39. Rb2 Bd5 40. Re5 Rc1+ 41. Kf2 Rh1 42. Ke3 1-0

[Event "FRA-ch U18"]
[Site "Saint Paul Trois Chateaux"]
[Date "2013.05.04"]
[Round "7"]
[White "Caille, Vincent"]
[Black "Malka, Samuel"]
[Result "0-1"]
[WhiteElo "2025"]
[BlackElo "2172"]
[PlyCount "84"]
[EventDate "2013.04.28"]
[EventType "swiss"]
[EventRounds "9"]
[EventCountry "FRA"]
[SourceTitle "CBM 154 Extra"]
[Source "ChessBase"]
[SourceDate "2013.06.25"]
[SourceVersion "2"]
[SourceVersionDate "2013.06.25"]
[SourceQuality "1"]

1. e4 c5 2. Nc3 d6 3. Nge2 Nc6 4. g3 g6 5. Bg2 Bg7 6. d3 e5 7. Be3 Nge7 8. h3 Nd4 9. Qd2 Be6 10. f4 0-0 11. g4 Nxe2 12. Qxe2 exf4 13. Bxf4 Nc6 14. 0-0 Rb8 15. Nd1 b5 16. Qd2 Re8 17. Bg5 Qb6 18. Bf6 c4+ 19. Kh1 Bxf6 20. Rxf6 Qd4 21. Qc3 Rec8 22. a3 cxd3 23. cxd3 a5 24. Qxd4 Nxd4 25. Nc3 b4 26. Nd5 bxa3 27. Rxa3 Bxd5 28. exd5 Rxb2 29. Rf4 Rc1+ 30. Kh2 Nb5 31. Rxa5 Rcc2 32. Rxb5 Rxb5 33. Kg3 Kg7 34. g5 Rxg2+ 35. Kxg2 Rxd5 36. d4 Rxg5+ 37. Kf3 Ra5 38. h4 f5 39. Ke3 Ra3+ 40. Kd2 Kf6 41. Ke2 h6 42. Kd2 Rg3 0-1

[Event "Dieppe op 6th"]
[Site "Dieppe"]
[Date "2010.08.24"]
[Round "3"]
[White "Caille, Vincent"]
[Black "Navrotescu, Catalin"]
[Result "0-1"]
[WhiteElo "1699"]
[BlackElo "2444"]
[PlyCount "84"]
[EventDate "2010.08.22"]
[EventType "swiss"]
[EventRounds "9"]
[EventCountry "FRA"]
[SourceTitle "CBM 138 Extra"]
[Source "ChessBase"]
[SourceDate "2010.10.29"]
[SourceVersion "1"]
[SourceVersionDate "2010.10.29"]
[SourceQuality "1"]

1. e4 c5 2. Nc3 Nc6 3. g3 g6 4. Bg2 Bg7 5. Nge2 Rb8 6. a3 b5 7. 0-0 a5 8. f4 b4 9. axb4 axb4 10. Nd5 d6 11. Ne3 Bb7 12. d3 Nf6 13. f5 Ra8 14. Rxa8 Qxa8 15. Nf4 0-0 16. fxg6 hxg6 17. Nfd5 Nxd5 18. Nxd5 Qd8 19. Kh1 e6 20. Ne3 Qe7 21. Ng4 Nd4 22. Qd2 f5 23. exf5 exf5 24. Ne3 Re8 25. Qf2 Qf7 26. c3 bxc3 27. bxc3 Nb5 28. c4 Nd4 29. Bxb7 Qxb7+ 30. Qg2 Qxg2+ 31. Kxg2 Bh6 32. Ng4 Re2+ 33. Nf2 Bxc1 34. Rxc1 g5 35. Rb1 Kf7 36. Rb6 Ke6 37. Rb8 Rd2 38. Rg8 g4 39. Rh8 Nf3 40. Kf1 Ra2 41. h3 Ra1+ 42. Ke2 Re1# 0-1